00429nam a2200121Ia 4500008004100000245009100041260004200132260000900174300000900183650002600192650001200218856007700230170516s9999 xx 000 0 und d aNational survey on the practice of radiation therapists in Australia (pages 104–113) bJournal of Medical Radiation Sciences c2016 a63:2 xRadiologic Technology xRadtech uhttp://onlinelibrary.wiley.com/doi/10.1111/jmrs.2016.63.issue-2/issuetoc